Enciclopedia de energía, tecnología.Tecnología del carbón : volumen1

Bibliographic Details
Main Author: Considine, Douglas M.
Format: Section = Libro
Language:Undetermined
Spanish
Published: México Marcombo 1986
Subjects:
LEADER 00674nam a2200229Ia 4500
008 240829s9999 xx 000 0 und d
020 |a 968-861-001-8 
040 |a BIBLIOTECA-RUSB/ Ref 531.6 C755 
041 |a spa 
082 |a Ref 531.6 C755 
100 1 |a Considine, Douglas M. 
245 1 0 |a Enciclopedia de energía, tecnología.Tecnología del carbón : volumen1 
260 |a México  |b Marcombo  |c 1986 
300 |a 378 p. :il. 
650 7 |a ENERGÍA-TECNOLOGÍA 
650 7 |b  TECNOLOGÍA DEL CARBÓN 
650 7 |c  CARBÓN -PREPARACIÓN 
650 7 |d  MINAS DE CARBÓN 
650 7 |e  CARBÓN-GASIFICACIÓN 
942 |c BK  |2 ddc 
991 |a TEXTO 
999 |c 6024